Nie dotykaj zmarłych - Statystyki

Ogólne statystyki
  • Ten quiz został rozwiązany 47 razy
  • Średni wynik to 10 z 13
Answers on the Grid
Answers color-coded by a green-red scale on the quiz's grid according to % correct below.
Abraham Lincoln
Aleksander Kwaśniewski
Amy Winehouse
Avicii
Barack Obama
Benedykt XVI
Donald Trump
Elvis Presley
George Washington
Grzegorz Braun
Jarosław Kaczyński
Karol Nawrocki
Kazik Staszewski
Lech Kaczyński
Lech Wałęsa
Micheal Jackson
Micheal Jordan
Ozzy Osbourne
Rafał Trzaskowski
Rihanna
Shakira
Taylor Swift
Wisława Szymborska
 
Statystyki odpowiedzi
Odpowiedź % Poprawnych
Aleksander Kwaśniewski
95%
Barack Obama
92%
Donald Trump
87%
Karol Nawrocki
84%
Rihanna
82%
Jarosław Kaczyński
79%
Rafał Trzaskowski
79%
Taylor Swift
79%
Grzegorz Braun
76%
Shakira
76%
Lech Wałęsa
74%
Micheal Jordan
71%
Kazik Staszewski
68%
Nie znaleziono quizów pasujących do podanych kryteriów
Rozkład punktacji
Procent ludzi z każdym wynikiem
Percentyl według liczby udzielonych odpowiedzi
Twoja historia wyników
Nie rozwiązałeś tego quizu